Παγκόσμια ιστορία της σύγχρονης ιστοριογραφίας
Αποθηκεύτηκε σε:
| Κύριος συγγραφέας: | |
|---|---|
| Άλλοι συγγραφείς: | , |
| Μορφή: | Βιβλίο |
| Γλώσσα: | Greek English |
| Δημοσίευση: |
Αθήνα :
Νεφέλη,
2015.
|
| Σειρά: | Ιστορία (Νεφέλη)
|
| Θέματα: | |
| Ετικέτες: |
Προσθήκη ετικέτας
Δεν υπάρχουν, Καταχωρήστε ετικέτα πρώτοι!
|
MARC
| LEADER | 00000nam a2200000 a 4500 | ||
|---|---|---|---|
| 001 | 1/110976 | ||
| 008 | 160603s2015####gr | ||| |||| ||gre|| | ||
| 020 | |a 9789605040031 |q | ||
| 040 | |a GR-MyUa |b gre |c GR-MyUa |e AACR2 | ||
| 041 | 1 | |a gre |h eng | |
| 082 | 7 | |a 709.2 |2 (23) | |
| 100 | 1 | |a Iggers, Georg G. | |
| 245 | 1 | 0 | |a Παγκόσμια ιστορία της σύγχρονης ιστοριογραφίας / |c Georg G. Iggers, Q. Edward Wand, με τη συνεργασία της Supriya Mukherjee. |
| 260 | |a Αθήνα : |b Νεφέλη, |c 2015. | ||
| 300 | |a 518 σ. ; |c 25 εκ. | ||
| 490 | 1 | |a (Νεφέλη / Ιστορία) | |
| 500 | |a Μετάφραση του: A global history of modern historiography / Georg G. Iggers, Q. Edward Wang and Supriya Mukherjee. | ||
| 504 | |a Περιλαμβάνει βιβλιογραφία και ευρετήριο. | ||
| 650 | 0 | |a Historiography. | |
| 700 | 1 | |a Wang, Q. Edward, |d 1958- | |
| 700 | 1 | |a Mukherjee, Supriya. | |
| 830 | 0 | |a Ιστορία (Νεφέλη) | |
| 852 | |a INST |b LESVOS |c EUDOXUS |e 20160603 |h 907.2 IGG |p 005100058522 |q 005100058522 |t EDX |y 0 | ||
| 852 | |a INST |b LESVOS |c EUDOXUS |e 20190527 |h 907.2 IGG |p 005100061901 |q 005100061901 |t EDX |y 0 | ||
| 920 | |a Εύδοξος |b Παραγγελία |y Λέσβος-ΤΚΑΙ |z 2016-04 | ||
| 920 | |a Εύδοξος |b Παραγγελία |y Λέσβος-ΤΚΑΙ |z 2019-05 | ||
| 970 | |a Τζαφέρη |b Ευαγγελία |z 03-06-2016 | ||